000 00544nam a2200145 a 4500
001 000032323
005 20200930065600.0
008 110714s1906 dr 000 0 spa d
040 _aDO-SdBNP
_bspa
_cBNPHU
100 1 _aRepública Dominicana
_bFomento y Obras Públicas
_958335
245 1 0 _aMemoria al ciudadano presidente de la República, presenta al secretario de Estado en los despachos de Fomento y Obras Públicas.
260 _aSanto Domingo :
_bImp. Cuna de América J. R. Roquez,
_c1906.
300 _a187 p. ;
_c27 cm.
049 _aBNPD
999 _c31814
_d31814